|
|
|
|
| LEADER |
00000cam a2200000 7i4500 |
| 001 |
0000022254 |
| 005 |
20080726.0 |
| 008 |
080726 |
| 020 |
|
|
|a 9832184088
|
| 090 |
0 |
0 |
|a 306.8509595
|b PRO
|
| 240 |
1 |
0 |
|a National Conference on Family in the K-Economy Age
|d (1st : 2001 : Kuala Lumpur)
|
| 245 |
1 |
0 |
|a Proceeding of the APFAM International Conference on Family in the K-Economy age :
|b challenges to parenthood in Malaysia
|c coordinating editor Jamilah Ariffin ; assistant editor Adeline Louis
|
| 260 |
|
|
|a Johor Bahru :
|b CactusGreen Advertising Sdn Bhd ,
|c 2001
|
| 650 |
|
0 |
|a Family
|x Congresses
|z Malaysia
|
| 650 |
|
0 |
|a Parentings
|x Congresses
|z Malaysia
|
| 710 |
1 |
|
|a Jamilah Ariffin
|
| 710 |
1 |
|
|a Louis, Adeline
|
| 999 |
|
|
|a 0001036360
|b Book
|c REFERENCE
|e Perbadanan Perpustakaan Awam Johor
|
| 999 |
|
|
|a 0001126055
|b Book
|c REFERENCE
|e Perbadanan Perpustakaan Awam Johor
|
| 999 |
|
|
|a 0001296118
|b Book
|c Adult Collection
|e Perbadanan Perpustakaan Awam Johor
|